| 000 | 01355nam a2200277Ia 4500 | ||
|---|---|---|---|
| 003 | OSt | ||
| 005 | 20200714141909.0 | ||
| 008 | 191128s2008 ck ad gr 000 0dspa d | ||
| 020 | _a9789587250008 | ||
| 040 |
_aCO-JMCR _cCO-JMCR |
||
| 041 | 0 | _aspa | |
| 082 | 0 | 4 |
_a330.986 / _bK147e _223 |
| 100 | 1 |
_aKalmanovitz, Salomón, _dautor _97201 |
|
| 245 | 1 | 3 |
_aLa economía de la Nueva Granada / _cSalomón Kalmanovitz |
| 250 | _aPrimera edición | ||
| 260 |
_aBogotá : _bUniversidad de Bogotá Jorge Tadeo Lozano, _c2008. |
||
| 300 |
_a112 páginas : _bgráficos a blanco y negro ; _c22 cm. |
||
| 490 | 0 | _aEnsayo | |
| 500 | _aIncluye datos biográficos del autor en la solapa y índice de cuadros y gráficas Bibliografía: páginas 105-111. | ||
| 505 | 0 | _aLa colonización anglosajona frente a la española -- La conquista y la colonización -- El sistema económico colonial -- La política colonial -- La revolución comunera -- El crecimiento económico durante la segunda mitad | |
| 520 | 0 | _aEste ensayo constituye un intento de entender cómo fue formando la economía de la Nueva Granada bajo unas relaciones sociales caracterizadas por la servidumbre y el esclavismo. | |
| 650 | 2 | 4 |
_aEconomía colombiana _ySiglo XVI _97202 |
| 650 | 2 | 4 |
_aHistoria económica _ySiglo XVI _97203 |
| 650 | 2 | 4 |
_aCondiciones económicas-- _97204 |
| 942 |
_2ddc _cBK |
||
| 999 |
_c5582 _d5582 |
||